00447nam a2200169Ia 4500008004100000020001800041245003000059245007200089260001500161260001600176260000900192300001400201300002500215300001000240500000800250999001900258170705s9999 xx 000 0 und d a9780439698894 aSam and the lucky money / cKaren Chinn ; illustrated by Cornelius Van Wright and mYing-Hwa Hu. aNew York : bScholastic, c1995 aunpaged : bcolor illustration ; c26cm. a660 c336822d336822